000 00766nam a2200241 i 4500
001 80747
003 ES-MaACL
005 20250801154218.0
007 t|
008 041029s1956 sp ||||1| spa d
080 _a83-312.6"19"
080 _a929 Salomé(0:83-3)
100 1 _aHolmsten, Georg.
_964066
245 1 0 _aSalomé :
_b(un destino de mujer entre el odio y el amor) /
_cGeorg Holmsten ; [traducción del alemán por Victor Scholz].
260 _aBarcelona :
_bAHR,
_c[1956]
300 _a367 p. ;
_c20 cm.
490 1 _aHistoria y amor
600 0 4 _aSalomé (Personaje bíblico)-
_vNovelas.
_9174329
700 1 _aScholz, Víctor.
_9104643
830 1 0 _aHistoria y amor
_9182274
852 4 _aES-MaACL
_jC-11406
999 _c80747
_d80747